[Event "Mont de Marsan op 6th"]
[Site "Mont de Marsan"]
[Date "2006.12.28"]
[Round "6"]
[White "Lambert, Romain"]
[Black "Laporte, Pierre"]
[Result "1/2-1/2"]
[WhiteElo "1640"]
[BlackElo "1867"]
[PlyCount "63"]
[EventDate "2006.12.26"]
[EventType "swiss"]
[EventRounds "9"]
[EventCountry "FRA"]
[SourceTitle "CBM 116 Extra"]
[Source "ChessBase"]
[SourceDate "2007.03.07"]
[SourceVersion "1"]
[SourceVersionDate "2007.03.07"]
[SourceQuality "1"]

1. d4 e6 2. c4 Nf6 3. Nc3 Bb4 4. Qc2 c5 5. dxc5 Nc6 6. Nf3 0-0 7. Bg5 Bxc5 8. e3 b6 9. a3 Be7 10. Bd3 h6 11. Bh4 Bb7 12. 0-0 a6 13. Rfd1 Qc7 14. Bg3 d6 15. Nb5 axb5 16. cxb5 Rac8 17. bxc6 Bxc6 18. Rac1 Qb7 19. Qe2 Qa8 20. Bb5 Bxf3 21. Qxf3 Qxf3 22. gxf3 Rc5 23. Rxc5 dxc5 24. Be5 Rd8 25. Rxd8+ Bxd8 26. Bxf6 Bxf6 27. b3 Kf8 28. f4 Ke7 29. Kg2 Kd6 30. Kf3 Bh4 31. Bc4 f5 32. a4 1/2-1/2

[Event "Mont de Marsan op 6th"]
[Site "Mont de Marsan"]
[Date "2006.12.27"]
[Round "4"]
[White "Birebent, Guy"]
[Black "Laporte, Pierre"]
[Result "1-0"]
[WhiteElo "1824"]
[BlackElo "1867"]
[PlyCount "98"]
[EventDate "2006.12.26"]
[EventType "swiss"]
[EventRounds "9"]
[EventCountry "FRA"]
[SourceTitle "CBM 116 Extra"]
[Source "ChessBase"]
[SourceDate "2007.03.07"]
[SourceVersion "1"]
[SourceVersionDate "2007.03.07"]
[SourceQuality "1"]

1. e4 e6 2. e5 d5 3. d4 c5 4. c3 Nc6 5. Nf3 Qb6 6. Be2 Nge7 7. dxc5 Qxc5 8. Be3 Qa5 9. b4 Qc7 10. Bb5 Bd7 11. Bxc6 Nxc6 12. Bd4 Be7 13. 0-0 0-0 14. a3 Rac8 15. Qd3 Nxd4 16. cxd4 Qc2 17. Qxc2 Rxc2 18. Ne1 Rc7 19. Nf3 Rfc8 20. Nbd2 Ba4 21. g3 Rc2 22. Kg2 Bd8 23. Rfd1 Bb6 24. Nf1 R2c3 25. Rd2 a5 26. Ne3 Kf8 27. Nd1 Rc1 28. Rxc1 Rxc1 29. Nb2 Bb5 30. g4 Ra1 31. bxa5 Bxa5 32. Rc2 Rxa3 33. Rc8+ Ke7 34. Rg8 Be2 35. Nh4 g6 36. Rg7 Bc3 37. Rxh7 Kf8 38. Nxg6+ fxg6 39. Rxb7 Ra2 40. Rb8+ Kg7 41. Rb7+ Kh6 42. Nd3 Bxd3 43. h4 Bxd4 44. Rf7 Bxe5 45. Kf3 Be4+ 46. Ke3 Ra3+ 47. Ke2 d4 48. f3 Ra2+ 49. Kd1 Bd5 1-0

[Event "Mont de Marsan op"]
[Site "Mont de Marsan"]
[Date "2005.12.26"]
[Round "1"]
[White "Garaud, Alain"]
[Black "Laporte, Pierre"]
[Result "1/2-1/2"]
[WhiteElo "1920"]
[BlackElo "1810"]
[PlyCount "119"]
[EventDate "2005.12.26"]
[EventType "swiss"]
[EventRounds "7"]
[EventCountry "FRA"]
[SourceTitle "CBM 110 Extra"]
[Source "ChessBase"]
[SourceDate "2006.03.10"]
[SourceVersion "2"]
[SourceVersionDate "2006.03.10"]
[SourceQuality "1"]

1. e4 e6 2. d4 d5 3. Nc3 dxe4 4. Nxe4 Nd7 5. Nf3 Ngf6 6. Bg5 b6 7. Bb5 Bb7 8. Nxf6+ gxf6 9. Be3 Rc8 10. Qe2 c6 11. Bd3 Qc7 12. 0-0-0 Bg7 13. h4 f5 14. Bxf5 Nf6 15. Rhe1 0-0 16. Bd3 c5 17. h5 c4 18. Bxh7+ Nxh7 19. h6 Bf6 20. c3 Qd7 21. g4 Qa4 22. Kb1 Be4+ 23. Ka1 Bd3 24. Qd2 Qc6 25. Ne5 Bxe5 26. dxe5 Rcd8 27. Bd4 Kh8 28. f4 Rg8 29. Rg1 Qf3 30. Qg2 Qxg2 31. Rxg2 Bf5 32. Rdg1 Be4 33. Rg3 Rg6 34. g5 Rgg8 35. Re1 Bf5 36. Rg2 Nf8 37. b3 cxb3 38. axb3 Ng6 39. Rf2 Kh7 40. Kb2 Rd7 41. Ra1 Ne7 42. Rd2 Rgd8 43. Rad1 Nc6 44. Be3 Rxd2+ 45. Rxd2 Rxd2+ 46. Bxd2 Kg6 47. Ka3 Kh5 48. Ka4 a6 49. c4 Kg4 50. Be3 Kf3 51. Bxb6 Kxf4 52. Bc7 Kxg5 53. b4 Kxh6 54. b5 Bc2+ 55. Ka3 axb5 56. cxb5 Na7 57. b6 Nc6 58. b7 Kg6 59. b8Q Nxb8 60. Bxb8 1/2-1/2